1280 1588 1693 1037 1954 1424 1415 1273 1853 1430 1748 1252 1849 1311 1826 1515 1313 1024 1804 1993 1427 1707 1663 1387 1750 1053 1041 1001 1260 1379 1305 1191 1998 1625 1277 1557 1033 1546 1244 1212 1750 1491 1572 1681 1806 1919 1955 1731 1325 1753 1973 1307 1575 1702 1787 1814 1180 1328 1798 1585 1069 1715 1612 1977 1801 1541 1040 1779 1702 1434 1395 1024 1552 1327 1362 1954 1414 1457 1113 1965 1163 1687 1353 1819 1947 1543 1501 1918 1921 1403 1156 1714 1024 1598 1604 1050 1067 1972 1203 BCNSPRNW ULIB Ver.6.0+V

เปลี่ยนเป็นภาษาไทย

Change to English
 แสดงรายละเอียดบรรณานุกรม
  กลับหน้าหลัก

Brief Record : Get Marc (ISO 2709) : E-mail record : QR code < ปิดหน้าต่าง
LEADER : 00000nam 2200000uu 4500
001    13399121492
003     ULIB
008    121121s2551||||th 000 0 tha d
020    ^a9789748466903
090    ^aนว.^bณ111ม
100    ^aณ.ณัฐวรา
110    ^aสถาพรบุ๊คส์
245    ^aมณีนพรัตน์ ตอน ปฐมบทแห่งมณีนพรัตน์/^cณ.ณัฐวรา
250    ^aพิมพ์ครั้งที่ 1
260    ^aนนทบุรี :^bสถาพรบุ๊คส์,^c2551
300    ^a320 หน้า
945    ^p200^l0^i15302
995    ^aวิภา
999    ^aใช้งานได้ทุกระบบ
รายการนี้ยังไม่มีแท็ก
คุณยังไม่ได้ล็อกอิน คุณสามารถมีกิจกรรมร่วมกับเว็บไซต์ได้ แต่ต้องล็อกอินก่อน ::
  ล็อกอิน

รายการสื่อสารสนเทศ

ลำดับที่ ประเภท เลขเรียก/บาร์โค้ด สถานที่ สถานะ
1. วิทยาศาสตร์การแพทย์ และสุขภาพ
วิทยาศาสตร์การแพทย์ และสุขภาพ
นว. ณ111ม  
  Barcode: 15302
ห้องสมุดวิทยาเขตสวรรค์ประชารักษ์
►นวนิยาย
บนชั้น
  ขอยืม

BibComment


ยังไม่เคยถูกคอมเมนท์

คอมเมนท์ทรัพยากรรายการนี้
  คอมเมนท์: มณีนพรัตน์ ตอน ป..


 Copyright 2026. Bcnsprnw @Library